FF Things Quiz Stats

 Plays Quiz Updated Jan 27, 2017

Also try: DD Things
Challenge
Share
Tweet
Embed
Score 0/38 Timer 09:00
1 Play Today
Clue Answer % Correct
Fast food made from sliced potatoes cooked in hot oil.French Fries
96.5%
Flames and smoke won't deter these public servants from rescuing citizensFire Fighters
95.1%
Father Donald, mother Melania and son Barron together have this unofficial titleFirst Family
90.4%
Finding these tiny insects buzzing around your bananas and berries is annoyingFruit Flies
88.9%
Feline mascot Tony the Tiger shills this Kellogg's cerealFrosted Flakes
88%
Footwear for the beach; or changes ones mind on an important issueFlip Flops
87.7%
Figuring out what 'The Survey Says' is the aim of this long-running game showFamily Feud
85.8%
Full-length movieFeature Film
85.4%
First, Captain Kirk calls Space this, then he goes on about his 5 year mission(The) Final Frontier
85.3%
From the Town of Bedrock, this animated patriarch was a page right out of historyFred Flintstone
84.5%
Facility for aquaculture; salmon, carp and tilapia are commonly raised thereFish Farm
84.1%
Flinging one's lunch around gained popularity when this activity was featured in the Animal House cafeteria sceneFood Fight
83.7%
Form of screen nudity that involves baring everythingFull Frontal
83%
Free air travel is awarded to passengers who rack up a lot of miles in this type of program.Frequent Flyer
82.4%
Featured in 'A River Runs Through It' this form of angling doesn't require a boatFly Fishing
80.6%
Fire, invisibility, super-stretching and incredible strength are the powers possessed by these super heroesFantastic Four
78.7%
Fast-flowing water, caused by sudden heavy rainfall or a burst damFlash Flood
76.7%
Feather-haired Jill Munro was portrayed on Charlie's Angels by this actressFarrah Fawcett
74.9%
Fatally shot in Sarajevo, this Austrian Archduke's assassination precipitated World War IFranz Ferdinand
74.6%
Clue Answer % Correct
Frontman Dave Grohl formed this band after the dissolution of NirvanaFoo Fighters
74.4%
Featuring a combination of daring and gross stunts, this reality show was hosted by Joe RoganFear Factor
69.8%
Frequently, a movie hero's potential downfall is this type of sultry womanFemme Fatale
68.3%
Fullbacks and halfbacks play here. In the US, so do quarterbacks; in the UK, strikers.Football Field
67.9%
Future generations may be able to deflect attacks with this invisible barrier, but we can'tForce Field
66.8%
Frantic shark feastFeeding Frenzy
64.3%
Flashing big hats, outlandish glasses and oversized clocks, this rapper added some levity to Public EnemyFlavor Flav
56.4%
Franchise of role-playing video games first released for Nintendo in 1987Final Fantasy
43.4%
Fiddles, tin whistles and acoustic guitars can be heard at this traditional music gatheringFolk Festival
39.6%
Four-engined heavy bomber, the Boeing B-17 was called thisFlying Fortress
29%
Funnyman Andrew Dice Clay starred as this car-named detective in a 1990 comedyFord Fairlane
22.4%
Frog Chorus Conductor and Head of Ravenclaw are two other titles for the Hogwarts Charms profFilius Flitwick
20.9%
Five-time Emmy-nominated actress, for the role of Corky Sherwood on Murphy BrownFaith Ford
20.1%
Films directed by this Italian include Satyricon and AmarcordFederico Fellini
20%
Following Centerfold, the title track from that song's album was the J Geils Band's biggest hit Freeze Frame
18.3%
For eight years (1975-1983) this Tejano singer had 21 country hits, including 'Wasted Days and Wasted Nights'Freddy Fender
15.7%
Franklin Roosevelt spoke of these tenets of liberty in a 1941 addressFour Freedoms
13.9%
Friends Julian, Dick, Anne, George and their dog Timmy are the subjects of this Enid Blyton series(The) Famous Five
13.2%
Fantasy and Sci-Fi artist who helped define the genre with his Conan paintingsFrank Frazetta
2.9%

You're not logged in!

Compare scores with friends on all Sporcle quizzes.
Join for Free
OR
Log In

You Might Also Like...

Show Comments

Extras

Top Quizzes Today


Score Distribution

Your Account Isn't Verified!

In order to create a playlist on Sporcle, you need to verify the email address you used during registration. Go to your Sporcle Settings to finish the process.

Report this User

Report this user for behavior that violates our Community Guidelines.

Details: